Estadísticas para 15 principales países con muertes de Covid-19 - 18 de agosto 2021

Haz click aquí para intentar la prueba.

Estadísticas generales

  • Esta prueba ha sido intentada 5 veces
  • La puntuación promedio es 20 de 25

Estadísticas de respuestas

país% Correcto
Alemania
100%
Argentina
100%
Brasil
100%
Chequia
100%
Colombia
100%
España
100%
Estados Unidos
100%
Francia
100%
India
100%
Indonesia
100%
Italia
100%
Reino Unido
100%
Rusia
100%
Eslovaquia
75%
Eslovenia
75%
Hungría
75%
Irán
75%
Perú
75%
Bélgica
50%
Bosnia y Herzegovina
50%
Bulgaria
50%
Macedonia del Norte
50%
México
50%
Croacia
25%
Paraguay
25%

Distribución de puntuación

Porcentaje por número respondido

Porcentaje de gente con cada puntuación

Historial de tus puntuaciones

No has intentado esta prueba.